| 000 -LEADER |
| fixed length control field |
02431fam a2200325 a 4500 |
| 001 - CONTROL NUMBER |
| control field |
2268152 |
| 003 - CONTROL NUMBER IDENTIFIER |
| control field |
NUST - PNEC |
| 005 - DATE AND TIME OF LATEST TRANSACTION |
| control field |
20170116181111.0 |
| 008 - FIXED-LENGTH DATA ELEMENTS--GENERAL INFORMATION |
| fixed length control field |
980722s1999 njua b 001 0 eng |
| 010 ## - LIBRARY OF CONGRESS CONTROL NUMBER |
| LC control number |
98033811 |
| 020 ## - INTERNATIONAL STANDARD BOOK NUMBER |
| International Standard Book Number |
013905720X (alk. paper) |
| 035 ## - SYSTEM CONTROL NUMBER |
| System control number |
(OCoLC)39556562 |
| 035 ## - SYSTEM CONTROL NUMBER |
| System control number |
(OCoLC)ocm39556562 |
| 035 ## - SYSTEM CONTROL NUMBER |
| System control number |
(NNC)2268152 |
| 040 ## - CATALOGING SOURCE |
| Original cataloging agency |
DLC |
| Transcribing agency |
LIBRARY |
| Modifying agency |
DLC |
| -- |
OrLoB-B |
| 050 00 - LIBRARY OF CONGRESS CALL NUMBER |
| Classification number |
TA404.8 |
| Item number |
.D68 1999 |
| 082 00 - DEWEY DECIMAL CLASSIFICATION NUMBER |
| Classification number |
620.11292 DOW |
| Edition number |
21 |
| 100 1# - MAIN ENTRY--PERSONAL NAME |
| Personal name |
Dowling, Norman E., |
| Dates associated with a name |
1945- |
| 245 10 - TITLE STATEMENT |
| Title |
Mechanical behavior of materials : |
| Remainder of title |
engineering methods for deformation, fracture, and fatigue / |
| Statement of responsibility, etc. |
Norman E. Dowling. |
| 250 ## - EDITION STATEMENT |
| Edition statement |
2nd ed. |
| 260 ## - PUBLICATION, DISTRIBUTION, ETC. |
| Place of publication, distribution, etc. |
Upper Saddle River, NJ : |
| Name of publisher, distributor, etc. |
Prentice Hall, |
| Date of publication, distribution, etc. |
c1999. |
| 300 ## - PHYSICAL DESCRIPTION |
| Extent |
xviii, 830 p. : |
| Other physical details |
ill. ; |
| Dimensions |
25 cm. |
| 504 ## - BIBLIOGRAPHY, ETC. NOTE |
| Bibliography, etc. note |
Includes bibliographical references (p. 807-818) and index. |
| 505 00 - FORMATTED CONTENTS NOTE |
| Miscellaneous information |
1. |
| Title |
Introduction -- |
| Miscellaneous information |
2. |
| Title |
Structure and Deformation in Materials -- |
| Miscellaneous information |
3. |
| Title |
A Survey of Engineering Materials -- |
| Miscellaneous information |
4. |
| Title |
Mechanical Testing: Tension Test and Other Basic Tests -- |
| Miscellaneous information |
5. |
| Title |
Stress-Strain Relationships and Behavior -- |
| Miscellaneous information |
6. |
| Title |
Review of Complex and Principal States of Stress and Strain -- |
| Miscellaneous information |
7. |
| Title |
Yielding and Fracture under Combined Stresses -- |
| Miscellaneous information |
8. |
| Title |
Fracture of Cracked Members -- |
| Miscellaneous information |
9. |
| Title |
Fatigue of Materials: Introduction and Stress-Based Approach -- |
| Miscellaneous information |
10. |
| Title |
Stress-Based Approach to Fatigue: Notched Members -- |
| Miscellaneous information |
11. |
| Title |
Fatigue Crack Growth -- |
| Miscellaneous information |
12. |
| Title |
Plastic Deformation Behavior and Models for Materials -- |
| Miscellaneous information |
13. |
| Title |
Stress-Strain Analysis of Plastically Deforming Members -- |
| Miscellaneous information |
14. |
| Title |
Strain-Based Approach to Fatigue -- |
| Miscellaneous information |
15. |
| Title |
Time-Dependent Behavior: Creep and Damping -- |
| Miscellaneous information |
App. A. |
| Title |
Review of Selected Topics from Mechanics of Materials -- |
| Miscellaneous information |
App. B. |
| Title |
Statistical Variation in Materials Properties. |
| 520 ## - SUMMARY, ETC. |
| Summary, etc. |
Comprehensive in scope and readable, this book explores the methods used by engineers to analyze and predict the mechanical behavior of materials. Author Norman E. Dowling provides thorough coverage of materials testing and practical methods for forecasting the strength and life of mechanical parts and structural members. |
| 520 8# - SUMMARY, ETC. |
| Summary, etc. |
Mechanical Behavior of Materials also features reviews of materials science and stress and strain. This Second Edition includes updated coverage throughout, additions to the already numerous worked examples, and two new appendices. |
| 650 ## - SUBJECT ADDED ENTRY--TOPICAL TERM |
| Topical term or geographic name entry element |
Mechanical enginering |
| 9 (RLIN) |
12946 |
| General subdivision |
ME |
| 900 ## - EQUIVALENCE OR CROSS-REFERENCE-PERSONAL NAME [LOCAL, CANADA] |
| Numeration |
TOC |
| 942 ## - ADDED ENTRY ELEMENTS (KOHA) |
| Source of classification or shelving scheme |
|
| Koha item type |
Book |